Rwanda's genocide : looking back : hearing before the Subcommittee on Africa of the Committee on International Relations, House of Representatives, One Hundred Eighth Congress, second session, April 22, 2004.

Bibliographic Details
Corporate Authors: United States. Congress. House. Committee on International Relations. Subcommittee on Africa, ProQuest (Firm)
Format: eBook
Language:English
Published: Washington : U.S. G.P.O. : 2004.
Series:U.S. Congressional Hearings.
Subjects:
Online Access:Connect to the full text of this electronic book

MARC

Tag First Indicator Second Indicator Subfields
LEADER 00000cam a22000001a 4500
001 in00003328721
006 m d f
007 cr bn mmmapmmp
008 110909s2004 dcu o f000 0 eng d
005 20260511194919.2
035 |a chdc200400521 
040 |a ProQuest  |c ProQuest  |d UtOrBLW 
043 |a n-us--- 
074 |a 1017-A-01 
074 |a 1017-A-01 (online) 
074 |a 1017-B-01 (MF) 
074 |a 1017-B-01 (online) 
088 |a Serial no. 108-96 (United States. Congress. House. Committee on International Relations) 
099 |a HRG-2003-HRC-0007 
110 1 |a United States.  |b Congress.  |b House.  |b Committee on International Relations.  |b Subcommittee on Africa. 
245 1 0 |a Rwanda's genocide :  |b looking back : hearing before the Subcommittee on Africa of the Committee on International Relations, House of Representatives, One Hundred Eighth Congress, second session, April 22, 2004. 
264 1 |a Washington :  |b U.S. G.P.O. :  |c 2004. 
264 2 |a Washington :  |b For sale by the Supt. of Docs., U.S. G.P.O., 
300 |a 1 online resource. 
336 |a text  |b txt  |2 rdacontent 
337 |a computer  |b c  |2 rdamedia 
338 |a online resource  |b cr  |2 rdacarrier 
500 |a Reuse of record except for individual research requires license from ProQuest, LLC. 
500 |a Distributed to some depository libraries in microfiche. 
500 |a Shipping list number: 2004-0233-P. 
500 |a "Serial number 108-96." 
530 |a Also available via Internet from the Committee web site. Address as of 8/9/04: http://wwwc.house.gov/international%5Frelations/108/93231.pdf; current access is available via PURL. 
500 |a Electronic resource. 
538 |a System requirements: PDF reader software. 
610 2 0 |a United Nations  |z Rwanda. 
650 0 |a Genocide  |z Rwanda. 
651 0 |a Rwanda  |x History  |y Civil War, 1994  |x Atrocities. 
655 7 |a Electronic books.  |2 local 
710 2 |a ProQuest (Firm) 
776 0 8 |i Print version:   |a United States.Congress.House.Committee on International Relations.Subcommittee on Africa.  |t Rwanda's genocide  |w (DLC)2004451155  |w (OCoLC)ocm56115743 
776 0 8 |i Microfiche version:   |a United States.Congress.House.Committee on International Relations.Subcommittee on Africa.  |t Rwanda's genocide  |d [Bethesda, Md.] : ProQuest LLC, [2004]  |o CIS 2004 H461-51  |w (ProQuest)cis00400785 
830 0 |a U.S. Congressional Hearings. 
856 4 0 |u http://proxy.library.tamu.edu/login?url=https://congressional.proquest.com/congcomp/getdoc?HEARING-ID=HRG-2003-HRC-0007  |z Connect to the full text of this electronic book  |t 0 
998 |a cis00400785 
999 |a MARS 
999 f f |s 66eec425-e880-3525-847b-a1088bc015be  |i 8330c23f-f5a5-354a-8e8f-4db7123ae1d6  |t 0 
952 f f |a Texas A&M University  |b College Station  |c Electronic Resources  |s www_evans  |d Available Online  |t 0  |e HRG-2003-HRC-0007  |h Other scheme 
998 f f |a HRG-2003-HRC-0007  |t 0  |l Available Online